Hajimete no nihongo nōryoku shiken N2 tango 2500 = 2500 essential vocabulary for the JLPT N2.
はじめての日本語能力試験N2単語2500 = 2500 essential vocabulary for the JLPT N2.
| Korporativní autor: | |
|---|---|
| Médium: | Kniha |
| Jazyk: | Japanese English Chinese Vietnamese |
| Vydáno: |
Tokyo :
Kabushiki Kaisha Asuku Shuppan,
2016
|
| Vydání: | First edition. |
| Témata: | |
| Classic Catalogue: | View this record in Classic Catalogue |
| LEADER | 02726nam a22004337a 4500 | ||
|---|---|---|---|
| 001 | 44758 | ||
| 003 | BD-DhAAL | ||
| 005 | 20251026120813.0 | ||
| 008 | 250909p20252016ja 001 0 jpn d | ||
| 020 | |a 9784872179842 | ||
| 020 | |a 4872179846 | ||
| 040 | |a BD-DhAAL |c BD-DhAAL | ||
| 041 | |a jpn |a eng |a chi |a vie | ||
| 082 | |a 495.683421 |2 23 | ||
| 245 | |6 880-01 |a Hajimete no nihongo nōryoku shiken N2 tango 2500 = |b 2500 essential vocabulary for the JLPT N2. | ||
| 246 | 3 | 1 | |a Nihongo nōryoku shiken N2 tango2500. N2 tango 2500. |
| 246 | 3 | 1 | |a 2500 essential vocabulary for the JLPT N2. |
| 246 | 3 | 1 | |a Two thousand and five hundred essential vocabulary for the JLPT N2. |
| 246 | 3 | 1 | |a First Japanese language proficiency test N2 words 2500 |
| 250 | |a First edition. | ||
| 260 | |a Tokyo : |b Kabushiki Kaisha Asuku Shuppan, |c 2016 |g (2025 printing) | ||
| 300 | |a 305 pages ; |c 19 cm + |e 1 plastic sheet (transparent red ; 12 x 16 cm) | ||
| 500 | |a Includes index. | ||
| 500 | |a First edition 2016 ; First edition Eleventh printing 2025. | ||
| 526 | |a CSE |x Annajiat Alim Rasel Senior Lecturer Department of Computer Science and Engineering BRAC University Course Name : Japanese Language and General for ITEE (JPN 101) | ||
| 541 | |a Trim Education |e 44758, 44759 | ||
| 546 | |a In Japanese; with English, Chinese and Vietnamese translations. | ||
| 650 | |a Japanese language |x Vocabulary |v Study guides. |9 59270 | ||
| 650 | |a Japanese language |v Conversation and phrase books |v Study guides. |9 59271 | ||
| 650 | |a Japanese language |x Ability testing |v Study guides. |9 59272 | ||
| 650 | |a Japanese language |x Self-instruction |v Study guides. |9 59273 | ||
| 710 | |6 880-02 |a Arc Academy, |e author. |9 59274 | ||
| 852 | |a Ayesha Abed Library |c General Stacks | ||
| 880 | |6 245-01 |a はじめての日本語能力試験N2単語2500 = |b 2500 essential vocabulary for the JLPT N2. | ||
| 880 | |6 710-02 |a アークアカデミー | ||
| 942 | |c BK |2 ddc | ||
| 999 | |c 47432 |d 47432 | ||
| 952 | |0 0 |1 0 |2 ddc |4 0 |6 495_683421000000000_HAJ |7 1 |9 78079 |a BRACUL |b BRACUL |c REF |d 2025-09-02 |e Trim Education |g 3700.00 |l 0 |o 495.683421 HAJ |p 3010044759 |r 2025-09-02 |t 2 |v 7400.00 |w 2025-09-02 |y BK |x Requisitioned by Annajiat Alim Rasel (Senior Lecturer, Department of Computer Science and Engineering, BRAC University) for the course named - 'Japanese Language and General for ITEE (JPN 101)' | ||
| 952 | |0 0 |1 0 |2 ddc |4 0 |6 495_683421000000000_HAJ |7 0 |9 78080 |a BRACUL |b BRACUL |c NEW |d 2025-09-02 |e Trim Education |g 3700.00 |l 0 |o 495.683421 HAJ |p 3010044758 |r 2025-09-02 |t 1 |v 7400.00 |w 2025-09-02 |y BK |x Requisitioned by Annajiat Alim Rasel (Senior Lecturer, Department of Computer Science and Engineering, BRAC University) for the course named - 'Japanese Language and General for ITEE (JPN 101)' | ||